[Event "PlusCity Grand Prix Blitz"]
[Site "Pasching"]
[Date "2025.05.29"]
[Round "12"]
[White "Shimanov, Aleksandr"]
[Black "Goroshkov, Maksym"]
[Result "1-0"]
[WhiteElo "2578"]
[BlackElo "2366"]
[PlyCount "93"]
[EventDate "2025.05.29"]
[EventType "swiss (blitz)"]
[EventRounds "13"]
[EventCountry "AUT"]
[SourceTitle "CB23_2025"]
[SourceDate "2025.06.04"]
[SourceVersion "1"]
[SourceVersionDate "2025.06.04"]
[SourceQuality "1"]

1. e4 e5 2. Nf3 d6 3. Bc4 Be7 4. 0-0 Nf6 5. Re1 0-0 6. Bb3 Nc6 7. c3 Bg4 8. h3 Bh5 9. d3 Na5 10. Bc2 c5 11. Nbd2 Nc6 12. Nf1 d5 13. Ng3 dxe4 14. Nxh5 Nxh5 15. dxe4 Qc7 16. g3 Rad8 17. Qe2 Nf6 18. Nh4 g6 19. Bh6 Rfe8 20. Ng2 Bf8 21. Bg5 Bg7 22. Ne3 Ne7 23. Qf3 Qc6 24. Ng4 Nxg4 25. hxg4 h6 26. Be3 f5 27. gxf5 Nxf5 28. Bb3+ Kh7 29. Bd5 Rxd5 30. exd5 Qd6 31. Qe4 b6 32. Rad1 Qf6 33. Kg2 Nd6 34. Qg4 Rf8 35. Rh1 h5 36. Qe2 Kg8 37. g4 hxg4 38. Qxg4 Nf5 39. Bg5 Qd6 40. Rh3 Rf7 41. Qe4 Qf8 42. Rd2 Rd7 43. d6 Rxd6 44. Rxd6 Nxd6 45. Qxg6 Qa8+ 46. Kg1 Qe4 47. Qxd6 1-0

[Event "Mitropa Cup"]
[Site "Trencin"]
[Date "2025.05.22"]
[Round "9.2"]
[White "Peng, Li Min"]
[Black "Goroshkov, Maksym"]
[Result "1-0"]
[WhiteElo "2489"]
[BlackElo "2366"]
[PlyCount "115"]
[EventDate "2025.05.14"]
[EventType "team-tourn"]
[EventRounds "9"]
[EventCountry "SVK"]
[SourceTitle "CB22_2025"]
[SourceDate "2025.05.28"]
[SourceVersion "1"]
[SourceVersionDate "2025.05.28"]
[SourceQuality "1"]
[WhiteTeam "Switzerland"]
[BlackTeam "Slovenia"]
[WhiteTeamCountry "SUI"]
[BlackTeamCountry "SLO"]

1. Nf3 Nf6 2. c4 e6 3. Nc3 d5 4. d4 Be7 5. Bg5 Nbd7 6. e3 0-0 7. cxd5 Nxd5 8. Bxe7 Qxe7 9. Nxd5 exd5 10. Bd3 Nf6 11. Qc2 c6 12. Ne5 Qb4+ 13. Qd2 Qe7 14. Qc2 Qb4+ 15. Ke2 h6 16. a3 Qe7 17. b4 Nd7 18. Nf3 Nb6 19. Ne5 Nd7 20. Nf3 Nb6 21. Rhc1 Bg4 22. Kf1 Bxf3 23. gxf3 Qh4 24. Kg2 Rae8 25. Rg1 Qh5 26. Qe2 Re6 27. Kh1 f5 28. f4 Qxe2 29. Bxe2 Nc8 30. h4 Nd6 31. Rg2 a5 32. bxa5 Ra8 33. a6 b5 34. Rag1 Ne8 35. a4 Rxa6 36. axb5 cxb5 37. Bxb5 Ra7 38. Bxe8 Rxe8 39. Rg6 Rb8 40. Kg2 Rb2 41. Kf3 Kh7 42. h5 Rd7 43. Re6 Rb8 44. Re5 Rf8 45. Rg6 Rf6 46. Re6 Rxe6 47. Rxe6 Rd8 48. Re5 Rd7 49. Rxf5 g6 50. Re5 gxh5 51. Rxh5 Kg6 52. Kg4 Rd8 53. Re5 Kf6 54. f5 h5+ 55. Kxh5 Rg8 56. Rxd5 Rg2 57. e4 Rxf2 58. Rd6+ 1-0

[Event "Mitropa Cup"]
[Site "Trencin"]
[Date "2025.05.14"]
[Round "1.2"]
[White "Koelle, Tobias"]
[Black "Goroshkov, Maksym"]
[Result "1-0"]
[WhiteElo "2458"]
[BlackElo "2366"]
[PlyCount "93"]
[EventDate "2025.05.14"]
[EventType "team-tourn"]
[EventRounds "9"]
[EventCountry "SVK"]
[SourceTitle "CB22_2025"]
[SourceDate "2025.05.28"]
[SourceVersion "1"]
[SourceVersionDate "2025.05.28"]
[SourceQuality "1"]
[WhiteTeam "Germany"]
[BlackTeam "Slovenia"]
[WhiteTeamCountry "GER"]
[BlackTeamCountry "SLO"]

1. d4 Nf6 2. c4 g6 3. Nc3 Bg7 4. e4 d6 5. h3 e5 6. dxe5 dxe5 7. Qxd8+ Kxd8 8. Nf3 Nc6 9. Be3 Be6 10. 0-0-0+ Kc8 11. c5 Nd7 12. Bb5 a6 13. Bxc6 bxc6 14. Ng5 Bh6 15. h4 Rd8 16. Nxe6 Bxe3+ 17. fxe3 fxe6 18. Rhf1 Kb7 19. Na4 Rf8 20. Rxf8 Nxf8 21. b3 Re8 22. Nb2 Kc8 23. Rf1 Nd7 24. Nd3 Re7 25. g4 g5 26. h5 h6 27. Kb2 Kb7 28. Ka3 a5 29. Ka4 Ka6 30. Rf2 Rh7 31. Rf1 Re7 32. Rf2 Rh7 33. b4 axb4 34. Kxb4 Kb7 35. Kc4 Re7 36. a4 Rh7 37. a5 Rg7 38. Nb4 Rh7 39. a6+ Ka7 40. Nxc6+ Kxa6 41. Ra2+ Kb7 42. Kb5 Rg7 43. Ra7+ Kc8 44. Ra8+ Kb7 45. Rh8 Nf8 46. Rxf8 Rg8 47. Na5+ 1-0

[Event "Ljubljana op"]
[Site "Ljubljana"]
[Date "2025.04.30"]
[Round "4"]
[White "Subelj, Jan"]
[Black "Goroshkov, Maksym"]
[Result "1-0"]
[WhiteElo "2528"]
[BlackElo "2382"]
[PlyCount "89"]
[EventDate "2025.04.28"]
[EventType "swiss"]
[EventRounds "9"]
[EventCountry "SLO"]
[SourceTitle "CB19_2025"]
[SourceDate "2025.05.07"]
[SourceVersion "1"]
[SourceVersionDate "2025.05.07"]
[SourceQuality "1"]

1. e4 e5 2. Nf3 Nc6 3. Bb5 a6 4. Ba4 Nf6 5. 0-0 Be7 6. Bxc6 dxc6 7. d3 Bg4 8. h3 Bxf3 9. Qxf3 Qd6 10. Nd2 Qe6 11. Nc4 0-0-0 12. a4 Nd7 13. Bd2 h5 14. b4 g5 15. b5 g4 16. Qg3 cxb5 17. axb5 axb5 18. Ra8+ Nb8 19. Ne3 Bg5 20. Bc1 Bxe3 21. fxe3 Rdg8 22. h4 b6 23. Bb2 Re8 24. d4 Qc6 25. Ra7 Qxc2 26. Rc1 Qxb2 27. Raxc7+ Kd8 28. R7c2 Qa3 29. Rc8+ Kd7 30. R8c7+ Kd8 31. Qf2 Rh6 32. R1c3 Qa1+ 33. Rc1 Qa3 34. R7c3 g3 35. Qxf7 Rc6 36. Qd5+ Ke7 37. Qxe5+ Kd7 38. Qd5+ Qd6 39. Qxb5 Rxe4 40. d5 Qf6 41. dxc6+ Kc7 42. Qg5 Qf2+ 43. Kh1 b5 44. Rd1 Qf8 45. Qxg3+ 1-0

[Event "EU-ch 25th"]
[Site "Eforie Nord"]
[Date "2025.03.26"]
[Round "11"]
[White "Cojocari, Dmitri"]
[Black "Goroshkov, Maksym"]
[Result "1/2-1/2"]
[WhiteElo "2136"]
[BlackElo "2350"]
[PlyCount "119"]
[EventDate "2025.03.15"]
[EventType "swiss"]
[EventRounds "11"]
[EventCountry "ROU"]
[SourceTitle "CB13_2025"]
[SourceDate "2025.03.26"]
[SourceVersion "1"]
[SourceVersionDate "2025.03.26"]
[SourceQuality "1"]

1. d4 d5 2. c4 e6 3. Nc3 Be7 4. cxd5 exd5 5. Bf4 c6 6. e3 Bf5 7. Nge2 Nd7 8. h3 Qb6 9. Qd2 Ngf6 10. Ng3 Bg6 11. a3 h5 12. Bd3 Nf8 13. Nf5 Bxf5 14. Bxf5 g6 15. Bd3 Ne6 16. Be5 0-0 17. g4 h4 18. 0-0 Nh7 19. Qc2 Bf6 20. f4 Bxe5 21. fxe5 Rad8 22. b4 Nxd4 23. exd4 Qxd4+ 24. Kg2 Qxe5 25. Ne2 Ng5 26. Rae1 Qe3 27. Nf4 Qg3+ 28. Kh1 Nxh3 29. Qg2 Qxg2+ 30. Kxg2 Nxf4+ 31. Rxf4 Rfe8 32. Rxe8+ Rxe8 33. Kf2 Re5 34. Rf6 Kg7 35. Rd6 Re6 36. Rd7 Rf6+ 37. Kg1 Rf3 38. Be2 Rxa3 39. Rxb7 h3 40. g5 Re3 41. Ba6 Ra3 42. Be2 Rg3+ 43. Kh1 Rxg5 44. Rxa7 Re5 45. Bg4 Re4 46. Bd7 Rxb4 47. Bxc6 d4 48. Bd5 Rb1+ 49. Kh2 Rf1 50. Ra4 Rf4 51. Kxh3 f5 52. Kg3 g5 53. Bf3 Rh4 54. Ra5 Kf6 55. Ra6+ Ke5 56. Ra5+ Ke6 57. Ra6+ Ke5 58. Ra5+ Ke6 59. Ra6+ Ke5 60. Ra5+ 1/2-1/2

[Event "EU-ch 25th"]
[Site "Eforie Nord"]
[Date "2025.03.24"]
[Round "9"]
[White "Goroshkov, Maksym"]
[Black "Sanikidze, Tornike"]
[Result "1/2-1/2"]
[WhiteElo "2350"]
[BlackElo "2452"]
[PlyCount "76"]
[EventDate "2025.03.15"]
[EventType "swiss"]
[EventRounds "11"]
[EventCountry "ROU"]
[SourceTitle "CB13_2025"]
[SourceDate "2025.03.26"]
[SourceVersion "1"]
[SourceVersionDate "2025.03.26"]
[SourceQuality "1"]

1. e4 c6 2. d4 d5 3. e5 Bf5 4. h4 h5 5. Bd3 Qd7 6. Ne2 Bxd3 7. Qxd3 e6 8. Bg5 c5 9. c3 Nc6 10. 0-0 f6 11. Bf4 Nge7 12. Nd2 fxe5 13. Bxe5 Nxe5 14. dxe5 Nf5 15. Nf3 g6 16. b4 Rc8 17. bxc5 Rxc5 18. Ned4 Bh6 19. Rab1 0-0 20. Nxf5 gxf5 21. Nd4 Kh7 22. Qf3 Rg8 23. Qxh5 Rxc3 24. Nf3 b6 25. Ng5+ Kg7 26. Rfc1 d4 27. Rd1 d3 28. Rb3 Rxb3 29. axb3 Bxg5 30. Qxg5+ Kh7 31. Qh5+ Kg7 32. Qf3 Rd8 33. Qg3+ Kh7 34. Qg5 Qe8 35. Qe3 Qd7 36. Qg5 Qe8 37. Qe3 Qb5 38. Qg5 Qe8 1/2-1/2

[Event "EU-ch 25th"]
[Site "Eforie Nord"]
[Date "2025.03.23"]
[Round "8"]
[White "Deac, Bogdan Daniel"]
[Black "Goroshkov, Maksym"]
[Result "1-0"]
[WhiteElo "2692"]
[BlackElo "2350"]
[PlyCount "71"]
[EventDate "2025.03.15"]
[EventType "swiss"]
[EventRounds "11"]
[EventCountry "ROU"]
[SourceTitle "CB13_2025"]
[SourceDate "2025.03.26"]
[SourceVersion "1"]
[SourceVersionDate "2025.03.26"]
[SourceQuality "1"]

1. Nf3 d5 2. e3 Nf6 3. c4 e6 4. Nc3 c5 5. d4 Nc6 6. cxd5 Nxd5 7. Bd3 Be7 8. 0-0 0-0 9. Re1 b6 10. Be4 Nxc3 11. bxc3 Bb7 12. Bb2 Qc7 13. Rc1 Rad8 14. Qe2 Bf6 15. Red1 Ne7 16. Bxb7 Qxb7 17. e4 Ng6 18. g3 cxd4 19. cxd4 Rc8 20. h4 Rxc1 21. Bxc1 Rd8 22. h5 Nf8 23. h6 g6 24. Bf4 Qc6 25. Rc1 Qa4 26. Rc4 Qb5 27. a4 Qh5 28. Qe3 b5 29. axb5 Qxb5 30. Qc1 a5 31. Ne5 a4 32. Bg5 Nd7 33. Bxf6 Nxf6 34. Qf4 Qb1+ 35. Kh2 Ng4+ 36. Nxg4 1-0

[Event "EU-ch 25th"]
[Site "Eforie Nord"]
[Date "2025.03.19"]
[Round "5"]
[White "Goroshkov, Maksym"]
[Black "Anacak, Hasan Gunes"]
[Result "1-0"]
[WhiteElo "2350"]
[BlackElo "2002"]
[PlyCount "61"]
[EventDate "2025.03.15"]
[EventType "swiss"]
[EventRounds "11"]
[EventCountry "ROU"]
[SourceTitle "CB13_2025"]
[SourceDate "2025.03.26"]
[SourceVersion "1"]
[SourceVersionDate "2025.03.26"]
[SourceQuality "1"]

1. e4 c5 2. Nf3 d6 3. d4 cxd4 4. Nxd4 Nf6 5. Nc3 Nc6 6. Bg5 e6 7. Qd3 Be7 8. 0-0-0 0-0 9. f4 Qb6 10. Be2 Rd8 11. Nb3 h6 12. h4 d5 13. e5 Ne4 14. Bxe7 Nf2 15. Qf3 Nxe7 16. Na4 Qc6 17. Qxf2 Qxa4 18. Rd4 Qe8 19. g4 a5 20. Rd3 a4 21. Nd4 a3 22. Rb3 Nc6 23. Nxc6 bxc6 24. g5 Ba6 25. Rg3 Bxe2 26. Qxe2 Kh7 27. gxh6 gxh6 28. Rhg1 Qf8 29. f5 exf5 30. Qh5 Kh8 31. Rg8+ 1-0

[Event "EU-ch 25th"]
[Site "Eforie Nord"]
[Date "2025.03.15"]
[Round "1"]
[White "Goroshkov, Maksym"]
[Black "Van Foreest, Jorden"]
[Result "0-1"]
[WhiteElo "2350"]
[BlackElo "2676"]
[PlyCount "63"]
[EventDate "2025.03.15"]
[EventType "swiss"]
[EventRounds "11"]
[EventCountry "ROU"]
[SourceTitle "CB13_2025"]
[SourceDate "2025.03.26"]
[SourceVersion "1"]
[SourceVersionDate "2025.03.26"]
[SourceQuality "1"]

1. b3 e5 2. Bb2 Nc6 3. c4 Nge7 4. e4 Ng6 5. g3 Bc5 6. Bg2 d6 7. Ne2 h5 8. Nbc3 h4 9. Nd5 Bg4 10. h3 hxg3 11. fxg3 Bh5 12. b4 Bd4 13. Bc3 Nf4 14. Ndxf4 exf4 15. Nxd4 Bxd1 16. Rxd1 Nxd4 17. Bxd4 Qg5 18. g4 c5 19. Bf2 cxb4 20. Bf3 Rc8 21. d3 b5 22. h4 Qf6 23. cxb5 Rc2 24. 0-0 Rxa2 25. e5 dxe5 26. Bc6+ Kf8 27. Bd5 Rxf2 28. Rxf2 Qxh4 29. Bf3 Qg3+ 30. Kf1 Rh2 31. Rxh2 Qxh2 32. Rc1 0-1

[Event "Wch U20 62nd"]
[Site "Petrovac"]
[Date "2025.03.05"]
[Round "9"]
[White "Talibov, Shiroghlan"]
[Black "Goroshkov, Maksym"]
[Result "0-1"]
[WhiteElo "2431"]
[BlackElo "2349"]
[PlyCount "140"]
[EventDate "2025.02.25"]
[EventType "swiss"]
[EventRounds "11"]
[EventCountry "MNE"]
[SourceTitle "CB11_2025"]
[SourceDate "2025.03.12"]
[SourceVersion "1"]
[SourceVersionDate "2025.03.12"]
[SourceQuality "1"]

1. e4 e5 2. Nf3 Nc6 3. Bc4 Nf6 4. d3 d5 5. exd5 Nxd5 6. 0-0 Nb6 7. Bb5 Bd6 8. Re1 f6 9. Nd4 Bd7 10. Bxc6 bxc6 11. Qh5+ Kf8 12. Nb3 a5 13. a4 c5 14. Nc3 Qe8 15. Qh4 Bc6 16. Nd2 g5 17. Qg4 h5 18. Qe2 Qg6 19. Nde4 Kg7 20. Nb5 Rhd8 21. c4 Bxe4 22. dxe4 Nd7 23. Nxd6 cxd6 24. Ra3 Nf8 25. Rb3 Ne6 26. Rb7+ Kg8 27. Bd2 Nd4 28. Qd1 Rdb8 29. Rxb8+ Rxb8 30. Bxa5 Rxb2 31. Bc3 Rb8 32. a5 g4 33. a6 Nf3+ 34. Kh1 Nxe1 35. a7 Rd8 36. Qd5+ Kg7 37. Ba5 Rf8 38. Bxe1 Qe8 39. Qxd6 Qa8 40. Qxc5 Rf7 41. Qe3 Qxa7 42. Qe2 Qd4 43. h3 gxh3 44. gxh3 Rc7 45. Kh2 Rxc4 46. Qxh5 Qxe4 47. Bd2 Qg6 48. Qf3 Re4 49. Be3 Rb4 50. Qc6 Qf7 51. Qc8 Rb7 52. Qg4+ Qg6 53. Qe6 Kh7 54. Qc4 Rg7 55. Qh4+ Kg8 56. Qc4+ Qf7 57. Qe4 Qh5 58. Qc6 f5 59. Bh6 Rg6 60. Qd5+ Kh7 61. Bd2 Rg7 62. Qd8 f4 63. Bc3 f3 64. Qc8 Qg5 65. Qg4 Qf4+ 66. Qxf4 Rg2+ 67. Kh1 exf4 68. Be5 Rxf2 69. Bxf4 Rg2 70. h4 Kg6 0-1

[Event "Krakow op-A 35th"]
[Site "Krakow"]
[Date "2025.01.03"]
[Round "8"]
[White "Zalega, Maciej"]
[Black "Goroshkov, Maksym"]
[Result "1-0"]
[WhiteElo "2159"]
[BlackElo "2363"]
[PlyCount "57"]
[EventDate "2024.12.27"]
[EventType "swiss"]
[EventRounds "9"]
[EventCountry "POL"]
[SourceTitle "CB02_2025"]
[SourceDate "2025.01.08"]
[SourceVersion "1"]
[SourceVersionDate "2025.01.08"]
[SourceQuality "1"]

1. Nf3 Nc6 2. c4 e5 3. Nc3 Nf6 4. d3 d6 5. g3 Be7 6. Bg2 h6 7. 0-0 0-0 8. Rb1 a5 9. a3 Be6 10. b4 axb4 11. axb4 e4 12. dxe4 Bxc4 13. b5 Ne5 14. Qd4 Nxf3+ 15. Bxf3 Be6 16. Bb2 Ne8 17. Nd5 c5 18. bxc6 bxc6 19. Nxe7+ Qxe7 20. e5 d5 21. Rfc1 Ra6 22. Ra1 Nc7 23. Rxa6 Nxa6 24. Rxc6 Qb7 25. Rb6 Qa7 26. e3 Nc7 27. Qb4 Qa2 28. Kg2 Qb1 29. Qxf8+ 1-0

[Event "Krakow op-A 35th"]
[Site "Krakow"]
[Date "2025.01.02"]
[Round "7"]
[White "Goroshkov, Maksym"]
[Black "Szczurek, Krzysztof"]
[Result "1/2-1/2"]
[WhiteElo "2363"]
[BlackElo "2254"]
[PlyCount "164"]
[EventDate "2024.12.27"]
[EventType "swiss"]
[EventRounds "9"]
[EventCountry "POL"]
[SourceTitle "CB02_2025"]
[SourceDate "2025.01.08"]
[SourceVersion "1"]
[SourceVersionDate "2025.01.08"]
[SourceQuality "1"]

1. b3 e5 2. Bb2 Nc6 3. c4 Nf6 4. Nf3 e4 5. Nd4 Nxd4 6. Bxd4 d5 7. e3 c5 8. Bxf6 Qxf6 9. Nc3 d4 10. Nxe4 Qe5 11. Ng3 dxe3 12. fxe3 h5 13. Be2 g6 14. Bf3 f5 15. 0-0 h4 16. Ne2 g5 17. d4 Qxe3+ 18. Kh1 h3 19. Nf4 hxg2+ 20. Bxg2 Kf7 21. Rf3 Qxd4 22. Ne2 Qxd1+ 23. Rxd1 f4 24. Nxf4 Bg4 25. Rff1 Bxd1 26. Bd5+ Kf6 27. Ne6+ Ke5 28. Rxd1 Bd6 29. Nxg5 Kf5 30. Nf3 Rab8 31. Rf1 Bf4 32. Rf2 Rh6 33. Re2 Bd6 34. Rf2 Kg6 35. Rg2+ Kf6 36. Ng5 Rbh8 37. Ne4+ Ke5 38. Bxb7 Bb8 39. Ng5 Kd4 40. Kg1 Re8 41. Nf3+ Kd3 42. Kf1 Bf4 43. Ne1+ Kc3 44. Rc2+ Kd4 45. Bd5 Rf6 46. Nf3+ Kd3 47. Rf2 Kc3 48. Nd2 Rff8 49. Nf3 Be3 50. Rg2 Bd4 51. Rg3 Re3 52. Kg2 Kb2 53. b4 Kxa2 54. b5 Kb2 55. h4 Rh8 56. Rg6 Re7 57. Kg3 Kc3 58. Kg4 Reh7 59. Kg3 Re7 60. Kg4 Re2 61. Ra6 Rg2+ 62. Kh3 Rg7 63. Ra2 Bf6 64. Ra3+ Kb2 65. Re3 Bd8 66. Re2+ Kc3 67. Re3+ Kb4 68. Re5 Rh6 69. Re3 Be7 70. Re6 Rh8 71. Re3 Bd8 72. Re5 Bf6 73. Re4 Be7 74. Re3 Ka4 75. Bc6 Bd6 76. Ne1 Bb8 77. b6+ Ka5 78. bxa7 Bxa7 79. Bd5 Bb8 80. Ra3+ Kb6 81. Rb3+ Ka6 82. Ra3+ Kb6 1/2-1/2

[Event "EU-ch 24th"]
[Site "Petrovac"]
[Date "2024.11.08"]
[Round "1"]
[White "Saric, Ivan"]
[Black "Goroshkov, Maksym"]
[Result "1-0"]
[WhiteElo "2668"]
[BlackElo "2368"]
[PlyCount "129"]
[EventDate "2024.11.08"]
[EventType "swiss"]
[EventRounds "11"]
[EventCountry "MNE"]
[SourceTitle "CB47_2024"]
[SourceDate "2024.11.20"]
[SourceVersion "1"]
[SourceVersionDate "2024.11.20"]
[SourceQuality "1"]

1. e4 e6 2. d4 d5 3. Nc3 Nf6 4. e5 Nfd7 5. f4 c5 6. Nf3 Nc6 7. Be3 a6 8. Ne2 b5 9. c3 Bb7 10. h4 Be7 11. Ng3 cxd4 12. cxd4 f5 13. Ng5 Bxg5 14. hxg5 Qa5+ 15. Qd2 Qxd2+ 16. Kxd2 Rc8 17. Rc1 Nb6 18. b3 0-0 19. Bd3 Nb4 20. Rxc8 Nxc8 21. Bb1 Ne7 22. Ne2 Rc8 23. Nc1 Rc7 24. a3 Nbc6 25. Nd3 Na5 26. Bc2 Bc8 27. Nc5 Rc6 28. Ra1 Nb7 29. Nd3 Bd7 30. Bd1 a5 31. Be2 Nc8 32. Rb1 Rc7 33. Bf2 Nb6 34. Nc5 Nxc5 35. dxc5 Na8 36. a4 b4 37. c6 Rxc6 38. Bb5 Rc7 39. Rc1 Rxc1 40. Kxc1 Bxb5 41. axb5 Nc7 42. b6 Na6 43. b7 Kf7 44. Ba7 Ke7 45. b8Q Nxb8 46. Bxb8 Kd7 47. Kc2 g6 48. Kd3 Kc6 49. Bd6 Kb6 50. Kd4 Kc6 51. Bf8 Kb6 52. Be7 Kb5 53. Bd8 a4 54. bxa4+ Kxa4 55. Be7 Ka3 56. Kd3 Kb3 57. Bd6 Ka4 58. Kc2 Ka3 59. Be7 Ka4 60. Kb2 b3 61. Bd6 d4 62. Bc5 d3 63. Be3 Kb4 64. Bd2+ Kc4 65. Ka3 1-0

[Event "World U20 blitz op"]
[Site "Tashkent"]
[Date "2024.08.06"]
[Round "4"]
[White "Goroshkov, Maksym"]
[Black "Madaminov, Mukhiddin"]
[Result "1/2-1/2"]
[WhiteElo "2305"]
[BlackElo "2533"]
[PlyCount "99"]
[EventDate "2024.08.06"]
[EventType "swiss (blitz)"]
[EventRounds "9"]
[EventCountry "UZB"]
[SourceTitle "CBM 221 Extra"]
[Source "ChessBase"]
[SourceDate "2024.09.30"]
[SourceVersion "1"]
[SourceVersionDate "2024.09.30"]
[SourceQuality "1"]

1. e4 e5 2. Nf3 Nc6 3. Bb5 a6 4. Ba4 Nf6 5. Nc3 b5 6. Bb3 Bc5 7. Nd5 0-0 8. d3 h6 9. c3 d6 10. Nxf6+ Qxf6 11. Bd5 Bd7 12. Rg1 Rae8 13. g4 g5 14. h4 Ne7 15. hxg5 hxg5 16. Bxg5 Qg7 17. Bb3 Be6 18. Qd2 Bxb3 19. axb3 Ng6 20. 0-0-0 f6 21. Bh6 Qf7 22. Bxf8 Rxf8 23. d4 Bb6 24. Qh6 Nf4 25. g5 f5 26. Rh1 Qg7 27. Qxg7+ Kxg7 28. exf5 Rxf5 29. dxe5 Ne2+ 30. Kd2 Rxf3 31. Kxe2 Rxf2+ 32. Ke1 Rxb2 33. exd6 cxd6 34. Rh6 Bf2+ 35. Kf1 Bg3 36. Rd3 Be5 37. c4 bxc4 38. bxc4 Rc2 39. Rb3 Rc1+ 40. Ke2 Rxc4 41. Rb7+ Kg8 42. Re6 Kf8 43. g6 Rf4 44. g7+ Bxg7 45. Rxd6 Bf6 46. Rxa6 Be7 47. Ke3 Rf6 48. Raa7 Bc5+ 49. Ke4 Bxa7 50. Rxa7 1/2-1/2

[Event "Titled Tuesday intern op 21st May Late"]
[Site "Chess.com INT"]
[Date "2024.05.21"]
[Round "2"]
[White "Goroshkov, Maksym"]
[Black "Floresvillar Gonzalez, Luis Miguel"]
[Result "1-0"]
[WhiteElo "2371"]
[BlackElo "2021"]
[PlyCount "87"]
[EventDate "2024.05.21"]
[EventType "swiss (blitz)"]
[EventRounds "11"]
[EventCountry "USA"]
[SourceTitle "CBM 220 Extra"]
[Source "ChessBase"]
[SourceDate "2024.07.31"]
[SourceVersion "1"]
[SourceVersionDate "2024.07.31"]
[SourceQuality "1"]

1. e4 c6 2. d4 d5 3. exd5 cxd5 4. c4 Nf6 5. Nc3 e6 6. Nf3 Be7 7. cxd5 Nxd5 8. Bc4 Nxc3 9. bxc3 Nd7 10. 0-0 Nf6 11. Bg5 Qc7 12. Bb5+ Bd7 13. Bxd7+ Qxd7 14. Ne5 Qc7 15. Qa4+ Nd7 16. Bf4 Bd6 17. Rab1 Rd8 18. Nxd7 Qxd7 19. Qxd7+ Rxd7 20. Bxd6 Rxd6 21. Rxb7 a6 22. Rb8+ Rd8 23. Rxd8+ Kxd8 24. Rb1 Kc7 25. Kf1 Rc8 26. Ke2 Kc6 27. Kd3 h5 28. Rb4 Rd8 29. a4 e5 30. a5 exd4 31. cxd4 Kc7 32. Rb6 Rd6 33. Rxd6 Kxd6 34. Kc4 h4 35. f4 f6 36. f5 Kc6 37. d5+ Kd6 38. Kd4 Kd7 39. Kc5 Kc7 40. d6+ Kd7 41. h3 Kd8 42. Kc6 Kc8 43. d7+ Kd8 44. Kd6 1-0

[Event "Titled Tuesday intern op 21st May Late"]
[Site "Chess.com INT"]
[Date "2024.05.21"]
[Round "8"]
[White "Mikhalsky, Vladimir"]
[Black "Goroshkov, Maksym"]
[Result "0-1"]
[WhiteElo "2219"]
[BlackElo "2371"]
[PlyCount "54"]
[EventDate "2024.05.21"]
[EventType "swiss (blitz)"]
[EventRounds "11"]
[EventCountry "USA"]
[SourceTitle "CBM 220 Extra"]
[Source "ChessBase"]
[SourceDate "2024.07.31"]
[SourceVersion "1"]
[SourceVersionDate "2024.07.31"]
[SourceQuality "1"]

1. d4 Nf6 2. c4 e5 3. dxe5 Ng4 4. Nf3 Nc6 5. Nc3 Ngxe5 6. Nxe5 Nxe5 7. e4 Bb4 8. Qc2 0-0 9. Be2 d6 10. Bd2 Be6 11. b3 f5 12. f4 Nc6 13. Nd5 Bxd2+ 14. Kxd2 Nd4 15. Qd3 Nxe2 16. Qxe2 Re8 17. Qd3 fxe4 18. Qxe4 c6 19. Nc3 d5 20. cxd5 Bxd5 21. Qd3 Bxg2 22. Rhg1 Qf6 23. Qc4+ Bd5 24. Nxd5 cxd5 25. Qxd5+ Kh8 26. Kc2 Rad8 27. Qc4 Rc8 0-1

[Event "Ljubljana op"]
[Site "Ljubljana"]
[Date "2024.04.29"]
[Round "4"]
[White "Harikrishnan, A Ra"]
[Black "Goroshkov, Maksym"]
[Result "1/2-1/2"]
[WhiteElo "2461"]
[BlackElo "2363"]
[PlyCount "156"]
[EventDate "2024.04.27"]
[EventType "swiss"]
[EventRounds "9"]
[EventCountry "SLO"]
[SourceTitle "CBM 220 Extra"]
[Source "ChessBase"]
[SourceDate "2024.07.31"]
[SourceVersion "1"]
[SourceVersionDate "2024.07.31"]
[SourceQuality "1"]

1. Nf3 Nf6 2. g3 d5 3. Bg2 g6 4. b3 Bg7 5. Bb2 c5 6. c4 d4 7. b4 Nc6 8. b5 Nb8 9. 0-0 0-0 10. e3 dxe3 11. dxe3 a6 12. Qe2 axb5 13. cxb5 Bf5 14. Rd1 Qc8 15. a4 c4 16. Ne5 Bxb1 17. Raxb1 Rxa4 18. Rbc1 Qc5 19. Bc3 Qxb5 20. Rb1 Qa6 21. Rxb7 Ra3 22. Bd4 Ra2 23. Qxc4 Qxc4 24. Nxc4 Ng4 25. Rdb1 Na6 26. h3 Nxf2 27. R1b2 Rxb2 28. Nxb2 Nxh3+ 29. Bxh3 Rb8 30. Ra7 Bxd4 31. exd4 Rxb2 32. Rxa6 Rd2 33. Ra8+ Kg7 34. Rd8 e6 35. Bg2 h5 36. Bf3 f5 37. Rd7+ Kf6 38. Kf1 h4 39. gxh4 Rh2 40. Rh7 Rd2 41. Rd7 Rh2 42. h5 gxh5 43. Bg2 Rh4 44. Kf2 Kg6 45. Bf3 Rh2+ 46. Ke3 Kf6 47. Rh7 Kg5 48. Rg7+ Kf6 49. Ra7 Rh4 50. Ra1 Ke7 51. Ra6 Kf7 52. Ra7+ Kf6 53. Rh7 Kg5 54. Rd7 Kf6 55. Kf2 Rh2+ 56. Kg3 Rd2 57. Bxh5 Kg5 58. Be8 Rd3+ 59. Kf2 Kf4 60. Rd6 e5 61. dxe5 Rf3+ 62. Kg2 Rg3+ 63. Kh2 Kxe5 64. Rd1 f4 65. Bc6 Rc3 66. Re1+ Re3 67. Rc1 Rg3 68. Bg2 Rg7 69. Re1+ Kf6 70. Re4 Kf5 71. Re8 Kg4 72. Bh3+ Kf3 73. Re1 Rh7 74. Ra1 Rh8 75. Rh1 Kf2 76. Rb1 Kf3 77. Rb2 Rh6 78. Rb8 Rh7 1/2-1/2